| 000 | 00377cam a22001097a 4500 | ||
|---|---|---|---|
| 008 | 180718b xxu||||| |||| 00| 0 eng d | ||
| 082 | _aT112 Or3 | ||
| 100 | _aGilbert, Milton | ||
| 245 |
_aComparative national products and price levels: a study of western europe and the United States _cby Milton Gilbert |
||
| 260 |
_aParis _bOrganisation for European Cooperation _c |
||
| 300 | _a168p | ||
| 999 |
_c420979 _d420979 |
||